01006 a2200217 4500003000500000005001700005010001600022020001700038040000900055082001200064100002100076245010900097260007800206300003400284440003400318500032300352538002900675650001700704650004400721650002300765Nust20170207152536.0 a 89032289 a0080367356 : cNust00a358.4031 aWarden, John A.,14aThe air campaign :bplanning for combat /cJohn A. Warden III ; introduction by Charles L. Donnelly, Jr. aWashington :bPergamon-Brassey's International Defense Publishers,c1989. axxi, 160 p. :bill. ;c25 cm. 0aFuture warfare series ;vv. 3 aAir Superiority _ The Concept (page-10) Offense or Defense –The Chess Game (Page-21) Offensive Operations (page-33) Defensive Operations (page-56) Limited Options (page-66)Introduction (Page-71) Close Air Support (Page-86) Reserves (page-98) The Orchestration of war (page-109) Planning the Air Campaign(Page-128)  aAlmirah No.54 Shelf No.6 0aAir warfare. 0aMilitary history, Moderny20th century. 0aMilitary planning.